000 00413nam a2200181Ia 4500
005 20240823043345.0
008 240823s9999||||xx |||||||||||||| ||und||
041 _aENGLISH
082 _A658.306 M1
100 _aVee G
245 0 _aEverybody can get a Job
250 _a1st
260 _c1981
_b"IBH,Bombay"
500 _aYES
650 _aManagement
_bManagement Studies
942 _cBK
999 _c210044
_d210044